Die soziale Frage : klassenbildung, arbeiterfrage, klassenkampf.

Bibliographic Details
Main Author: Schmoller, Gustav von, 1838-1917
Other Authors: Schmoller, Frau Lucie
Format: Book
Language:German
Published: Munchen, Leipzig : Duncker & Humblot, 1918.
Subjects:

MARC

Tag First Indicator Second Indicator Subfields
LEADER 00000cam a2200000 4500
001 in00000057732
005 20151008050424.0
008 751210s1918 gw b 00000 germ
010 |a  23016361  
035 |a (OCoLC)01888034 
035 |9 AAG0950AM 
040 |a DLC  |c BUF  |d BUF  |d TXA  |d UtOrBLW 
049 |a TXAM  |c [206014] 
050 0 0 |a HB175  |b .S353 
092 |a 330  |b S356s 
100 1 |a Schmoller, Gustav von,  |d 1838-1917. 
245 1 4 |a Die soziale Frage :  |b klassenbildung, arbeiterfrage, klassenkampf. 
264 1 |a Munchen,  |a Leipzig :  |b Duncker & Humblot,  |c 1918. 
300 |a xi, 1 unnumbered page, 673 pages ;  |c 25 cm. 
336 |a text  |b txt  |2 rdacontent 
337 |a unmediated  |b n  |2 rdamedia 
338 |a volume  |b nc  |2 rdacarrier 
500 |a At head of title: Gustav Schmoller. 
500 |a A revised and augmented edition o the sociological chapters contained in the author's Grundriss der allgemeinen volkswirtschaftslehre. 
500 |a Prefatory note signed: Lucie Schmoller. 
504 |a "Literatur": pages 649-654: "Verzeichnis der gebrauchten abkurzungen": pages [x]-xi. 
505 0 |a Die soziale Klassenbildung.--Der heutige Arbeiterstand der Kulturstaaten.--Der Klassnkampf in Geschichte und Gegenwart. 
650 0 |a Economics. 
650 0 |a Sociology. 
700 1 |a Schmoller, Frau Lucie. 
740 0 |a Grundriss des allgemeinen volkswirtschaftslehre. 
999 |a MARS 
999 f f |s 21c43880-da9d-3a20-bebb-11338bc82246  |i cdb85288-08d0-3ee6-a5c0-e42aee0c4056  |t 0 
952 f f |p ric  |a Texas A&M University  |b Rellis Campus  |c Joint Library Facility  |d Remote Storage  |t 0  |e HB175 .S353  |h Library of Congress classification  |i unmediated -- volume  |m A14800687304 
998 f f |a HB175 .S353  |t 0  |l Remote Storage